Who Wants To Be A Millionaire £1 Million Questions - Statistics

General Stats
  • This quiz has been taken 81 times
  • The average score is 9 of 20
Answer Stats
Question Answer % Correct
A number one followed by one hundred zeros is known by what name? Googol
84%
Which scientific unit is named after an Italian nobleman? 50-50 lifeline used, so only two options remain Volt
75%
Which of these is not one of the American Triple Crown horse races? 50-50 lifeline used, so only two options remain Arlington Million
71%
In 1718, which pirate died in battle off the coast of what is now North Carolina? Blackbeard
68%
In 1912, former US President Theodore Roosevelt was a candidate for which political party? Bull Moose
58%
Which king was married to Eleanor of Aquitaine? Henry II
54%
Which of these people was born the same year as Queen Elizabeth II? Marilyn Monroe
52%
Which of these words, each coined by a famous writer, was derived from the title of a fairy tale about three princes? Serendipity
49%
Tomas Masaryk was the first President of which country? Czechoslovakia
48%
Which county cricket side is based at Chester-le-Street? Durham
44%
What was the profession of the composer Borodin? Chemist
43%
Oberon is a satellite of which planet? Uranus
43%
Which of these UK prime ministers never served as foreign secretary? Winston Churchill
41%
Which monarch was known as "the wisest fool in Christendom"? James I
37%
Translated from the Latin, what is the motto of the United States? Later determined to be an ambiguous question One Out Of Many
34%
Which of these is a butterfly, not a moth? Speckled Wood
34%
If you planted the seeds of 'Quercus robur', what would grow? Trees
34%
Which boxer was famous for striking the gong in the introduction to J. Arthur Rank films? Bombardier Billy Wells
32%
In the history of motor sport, which of these iconic races was held first? Isle of Man TT
23%
Who was the first man to travel into space twice? Gus Grissom
16%
No matching quizzes found
Score Distribution
Percent of People with Each Score
Percentile by Number Answered
Your Score History
You have not taken this quiz